The Autobiography of Miss Jane Pittman /

Presents the story of the long life of Miss Jane Pittman, who began her life as a slave in the South and who marched for her civil rights in the 20th century at the age of 110.

Bibliographic Details
Corporate Author: Prism Entertainment Corp
Other Authors: Tyson, Cicely, Dysart, Richard, Helmond, Katherine, Gaines, Ernest J., 1933-, Korty, John
Format: Video VHS
Language:English
Published: Los Angeles, CA : Prism Entertainment, 1986.
Subjects:

MARC

Tag First Indicator Second Indicator Subfields
LEADER 00000cgm a2200000 a 4500
001 in00000020409
005 20151007053918.0
007 vf cbaho|
008 850604p19861974cau106|g||||| 0vleng d
035 |a (OCoLC)12114779 
035 |9 AAB3320AM 
037 |a 1251  |b Prism Entertainment 
040 |a ABJ  |c ABJ  |d OCL  |d KCK  |d m/c  |d TXA  |d UtOrBLW 
049 |a TXAV  |c [A09922468] 
050 4 |a PN1997  |b .A96 1986 
245 0 4 |a The Autobiography of Miss Jane Pittman /  |c Prism Entertainment ; producers, Robert Christiansen and Rick Rosenberg ; director,John Korty ; teleplay, Tracy Keenan Wynn. 
264 1 |a Los Angeles, CA :  |b Prism Entertainment,  |c 1986. 
300 |a 1 videocassette (106 min.) :  |b sound, color ; 1/2 in. 
336 |a two-dimensional moving image  |b tdi  |2 rdacontent 
337 |a video  |b v  |2 rdamedia 
338 |a videocassette  |b vf  |2 rdacarrier 
538 |a VHS. 
511 1 |a Cicely Tyson, Richard A. Dysart, Katherine Helmond, Odetta, Joseph Tremice, Michael Murphy. 
586 |a Received nine Emmy awards. 
500 |a Videocassette release of the 1974 television drama. 
500 |a Based on: The autobiography of Miss Jane Pittman / by Ernest J.Gaines. 
520 |a Presents the story of the long life of Miss Jane Pittman, who began her life as a slave in the South and who marched for her civil rights in the 20th century at the age of 110. 
500 |a Videorecording. 
650 0 |a Historical films. 
650 0 |a Biographical films. 
650 0 |a Video recordings. 
650 0 |a Television adaptations. 
650 0 |a Feature films. 
700 1 |a Tyson, Cicely. 
700 1 |a Dysart, Richard. 
700 1 |a Helmond, Katherine. 
700 1 |a Gaines, Ernest J.,  |d 1933-  |t Autobiography of Miss Jane Pittman. 
700 1 |a Korty, John. 
710 2 |a Prism Entertainment Corp. 
999 |a MARS 
999 f f |s 900c479e-6a5a-3467-ab8e-904337a7b80a  |i fbca65f6-4012-3dab-adf3-ed55e959ebd1  |t 0 
952 f f |p ric  |a Texas A&M University  |b Rellis Campus  |c Joint Library Facility  |d Remote Storage  |t 0  |e PN1997 .A96 1986  |h Library of Congress classification  |i video -- videocassette  |m A14826516385 
998 f f |a PN1997 .A96 1986  |t 0  |l Remote Storage